02602agaaa2200301 45000010005000000030009000050050017000140070009000310080040000400400023000800410013001031000048001161300020001642450222001842500022004062600093004283000021005215080204005425110090007465201130008365380016019665460013019826500061019957000066020567000060021227000066021827000052022486150IT-RoPAU20220918181247.0d cvaizq50131s9999||||xx ||| | || ||und|| aIT-RoPAUcIT-RoPAU aITALIANO aComencini LuigigCodice regista SPICS: 7883 aPROIBITO RUBARE aPROIBITO RUBAREcProdotto da: Ponti C. Martello G. -- Sceneggiatura: Buzzi Aldo Cecchi D'Amico Suso Comencini Luigi Curcio Armando -- Diretto da: Comencini LuigipPROIBITO RUBARE (Rif. Codice opera principale : 26150) aEdizione Standard a(ITALIA)bLUX FILM / Distribuzione: RAIg"1949 (1° ed.: 1984 ; Ed. Lingua Orig.: 1949)" aVHSbsonoro, b&w a"Fotografia: Tonti Aldo; Montaggio: Novelli Adriana; Musica: Rota Nino; Sceneggiatura: Buzzi Aldo Cecchi D'Amico Suso Comencini Luigi Curcio Armando; Soggetto: Cecchi D'Amico Suso -- Comencini Luigi" a"Celi Adolfo; Pica Tinarusso Mario; Dermastro Luigi; Cirelli Antonio; Barbieri Carlo" aUN PRETE MISSIONARIO GIUNGE A NAPOLI DOVE DEVE IMBARCARSI PER L'AFRICA ALL'USCIRE DALLA STAZIONE VIENE DERUBATO DELLA VALIGIA L'INSEGUIMENTO DEL LADRO LO PORTA A FARE UNA CORSA ATTRAVERSO I VICOLI DI NAPOLI TROVA ININE LA VALIGIA MA L'ESPERIENZA E' STATA DECISIVA NON E' PIU' IL CASO DI PENSARE ALL'AFRICA DON PIETRO RESTERA' A NAPOLI E SI CONSACRERA' ALLA REDENZIONE DEI RAGAZZI DI STRADA COSTRUISCE LA CITTA' DEI RAGAZZI DAPPRIMA I RAGAZZI NON SI PRESENTANO OPPURE SI PRESENTANO SOLTANTO PER EVITARE LE CONSEGUENZE DI UN FURTO LE DIFFICOLTA' MATERIALI SONO IMMENSE LA CASSETTA DELLE OFFERTE E' SEMPRE SEMIVUOTA UN GIORNO DON PIETRO VI TROVA SETTANTAMILA LIRE E CON QUESTE COMINCIA LA SUA GRANDE OPERA LE OFFERTE CONTINUANO A PIOVERE NUMEROSE MA DON PIETRO APPRENDE CHE QUEL DENARO DERIVA DALLA REFURTIVA NASCOSTA DEI RAGAZZI CHE IL MIGLIORE DEI SUOI BENEFICATI HA VENDUTO MAN MANO PER SOPPERIRE ALLE SPESE I RAGAZZI E DON PIETRO VENGONO ARRESTATI MA DAL MALE VIENE IL BENELA VICENDA RICHIAMA L'ATTENZIONE SULLA CITTA' DEI RAGAZZI E IL DERUBATO STRAPPA LA DENUNCIA DON PIETRO PUO' COSI' PROSEGUIRE LA SUA OPERA DI REDENZIONE aPAL, STEREO aITALIANO aCOMMEDIA SOCIALeFILMS [VHS]xCodice MATERIA SPICS: 9960 aCecchi D'Amico Suso e(soggetto)gCodice Soggetto SPICS: 7581 aComencini Luigi e(regista)gCodice regista SPICS: 7883 aComencini Luigi e(soggetto)gCodice Soggetto 2° SPICS: 7883 aRota Ninoe(musica)gCodice Musica SPICS: 11128